| 000 | 00742nam a22002057a 4500 | ||
|---|---|---|---|
| 003 | OSt | ||
| 005 | 20150408114055.0 | ||
| 008 | 120730s2012 ua ||||g b 00| 0 ara d | ||
| 040 | _cMU | ||
| 082 | 0 | 4 |
_221 _a615.852 _bف ج أ |
| 100 | 1 |
_aفتح الباب، جمعة سعد. _916799 |
|
| 245 | 1 | 0 |
_aأدوية نبوية غفل عنها الأطباء و الصيادلة / _cجمع وترتيب جمعة سعد فتح الباب. |
| 250 | _aط. 1. | ||
| 260 |
_aالقاهرة : _bدار ابن الجوزي، _c2012. |
||
| 300 |
_a128 ص. ؛ _c24 سم. |
||
| 504 | _aيشتمل على ارجاعات ببليوجرافية. | ||
| 650 | 4 |
_aالطب النبوي. _916800 |
|
| 650 | 4 |
_aالطب الإسلامي. _913890 |
|
| 942 |
_2ddc _cDVD |
||
| 999 |
_c25357 _d259857 |
||